000 00653nam a22002057a 4500
003 OSt
005 20260422054149.0
008 260422b |||||||| |||| 00| 0 eng d
020 _a1-890151-91-2
040 _aDWCL-Main lib
_cOC
082 _aCirc.291.4 T288w 2002
100 _aTempleton, Sir John
245 _aWisdom from world religions :
_bpathways toward heaven on earth/
_cTempleton, Sir John
260 _aPhiladelphia :
_btempleton Foundation Press,
_cc2002
300 _axxv, 352 pages. ;
_c27 cm.
504 _aIncludes bibliographies.
650 _a1. Religions.
650 _a2. Spiritual life.
942 _2ddc
_cBK-CIRC
_hCirc.
_n0
999 _c9686
_d9686